000 00357 a2200109 4500
001 ART_12468
005 20260410161906.0
008 260409a
245 1 0 _aA note on a fixed affect model with arbitrary interpersonal covariance
100 1 _aSchmidt, Peter
773 0 _tJournal of econometrics
_g- Vol. 22, NÂș 3 (ago. 1983)
_wREV11720
999 _c26397
_d26397